| 000 | 00777nam a2200229 i 4500 | ||
|---|---|---|---|
| 001 | 115449 | ||
| 003 | ES-MaACL | ||
| 005 | 20251215140834.0 | ||
| 007 | t| | ||
| 008 | 070308s1930 sp ||||1| spa d | ||
| 080 | _a821.134.2-22"19" | ||
| 100 | 1 |
_aCustodio, Angel. _942281 |
|
| 245 | 1 | 0 |
_aUna muchacha de vanguardia _b: comedia en tres actos / _cAngel Custodio y Javier de Burgos. |
| 260 |
_aMadrid : _bPrensa Moderna, _c1930. |
||
| 300 |
_a60 p. ; _c17 cm. |
||
| 490 | 1 |
_aEl Teatro moderno ; _v241 |
|
| 500 | _aEstrenada en el Teatro de la Princesa, de Madrid, el día 22 de marzo de 1930. | ||
| 700 | 1 |
_aBurgos, Javier de, _d1885-1971 _9139908 |
|
| 830 | 0 | 3 |
_aEl teatro moderno (Prensa Moderna) _v241 _9182365 |
| 852 |
_aES-MaACL _jC-13099 |
||
| 999 |
_c115449 _d115449 |
||